Ensayo sobre el derecho administrativo mexicano /

Uloženo v:
Podrobná bibliografie
Hlavní autor: Castillo Velasco, José María del (autor)
Médium: Kniha
Jazyk:španělština
Vydáno: México : UNAM, Instituto de Investigaciones Jurídicas, 1994, c1994
Edice:(Instituto de Investigaciones Jurídicas. Estudios Históricos ; 45)
Témata:
Tagy: Přidat tag
Žádné tagy, Buďte první, kdo vytvoří štítek k tomuto záznamu!

MARC

LEADER 00000nam^a2200000^a^4500
001 000110854
005 20250521000000.0
009 20260310093811.843
020 |a 968-36-4089-3 
037 |a Acervo ITESO - Biblioteca 
041 |a ESP 
082 |a 342. 72  |b CAS 
100 |a Castillo Velasco, José María del  |e (autor) 
245 1 0 |a Ensayo sobre el derecho administrativo mexicano /  |c J.M. del Castillo Velasco ; introd. de Alicia Hernández Chávez. 
264 4 |a México :  |b UNAM, Instituto de Investigaciones Jurídicas,  |c 1994, c1994 
300 |a 2 v. 
336 |a texto  |b txt  |2 rdacontenido 
337 |a sin mediación  |b n  |2 rdamedio 
338 |a volumen  |b nc  |2 rdasoporte 
440 1 |a (Instituto de Investigaciones Jurídicas.  |p Estudios Históricos ;  |v 45) 
534 |a Reproducción facsimilar de la edición original de 1874 
649 |a XX 
650 |a Derecho Administrativo -  |z México 
650 |a Derecho Público -  |z México 
910 |a Fondo General 
920 |a Impresos - Libros 
930 |a Colección General 
905 |a 101 
901 |a 0500048335  |b IT1  |c ACC  |u 20250521 
901 |a 0500048347  |b IT1  |c ACC  |u 20250521 
902 |a https://opac.biblio.iteso.mx/vufind/Record/000110854